Sports Quiz

Random Sports or NCAA Quiz
Score 0/20 Timer 02:00
1 Play Today
% Correct
Michigan
95.9%
Duke
91%
Alabama
90.6%
Oregon
89.3%
Syracuse
88.6%
Nebraska
87.9%
Georgia
87%
Rutgers
86.9%
Arizona
86.8%
Stanford
85.3%
% Correct
Illinois
85.1%
Hawaii
82.4%
Northwestern
80.5%
Michigan St.
79.2%
South Carolina
77.9%
Memphis
73.6%
Iowa St.
70.2%
Connecticut
63.9%
Missouri
55.2%
Eastern Michigan
45.8%
Remove Ads.
Support Sporcle.
Get the best of Sporcle when you Go Orange. This ad-free experience offers more features, more stats, and more fun while also helping to support Sporcle. Thank you for becoming a member.

You're not logged in!

Compare scores with friends on all Sporcle quizzes.
OR
Log In

Show Comments

Extras

Top Quizzes Today


Score Distribution

Your Account Isn't Verified!

In order to create a playlist on Sporcle, you need to verify the email address you used during registration. Go to your Sporcle Settings to finish the process.

Report this User

Report this user for behavior that violates our Community Guidelines.

Details: